|
|
|
|
| LEADER |
00000cam a2200000 7i4500 |
| 001 |
0000000826 |
| 005 |
20220816093000.0 |
| 008 |
021118s1983 |
| 020 |
|
|
|a 0471082090
|
| 050 |
0 |
0 |
|a TH163.2
|b .H355
|
| 090 |
0 |
0 |
|a TH163.2
|b .H355
|
| 245 |
0 |
0 |
|a Handbook of energy technology and economics
|c edited by Robert A. Mayers
|
| 246 |
1 |
0 |
|a Energy technology and economics
|
| 260 |
2 |
|
|a New York :
|b John Wiley ,
|c c1983
|
| 300 |
|
|
|a 1089 p. ;
|c 24 cm.
|
| 504 |
|
|
|a Includes index
|
| 650 |
|
0 |
|a Energy development
|v Handbooks, manuals, etc.
|
| 700 |
1 |
|
|a Meyers, Robert A. [
|q (Robert Allen)] ,
|d 1936- ,
|e author
|
| 999 |
|
|
|a 1000052768
|b Book
|c Reference
|e Gong Badak Campus
|